LEADER 01013nam0 2200301 450 001 000000923 005 20050630115200.0 010 $a88-453-0375-6 100 $a--------d1989----km-y0itay50------ba 101 1 $aita 102 $aIT 200 1 $a<>distribuzione commerciale in Europa$escenari e prospettive per il mercato unico del 1993$fRemo Linda 210 $a[Milano]$cEtaslibri$d1993 215 $aX, 371 p.$d24 cm 225 2 $aGestione d'impresa$iDirezione 304 $aTit. orig.: Aspects et tendances de la distribution commerciale en Europe 314 $aTraduzione di Alessandra Rossetti 410 0$12001$aGestione d'impresa 610 1 $aMerci$aDistribuzione$aEuropa 610 1 $aMerchandising 676 $a658.8 700 1$aLinda,$bRemo$0107579 702 1$aRossetti,$bAlessandra 801 0$aIT $bUNIPARTHENOPE $gRICA $2UNIMARC 912 $a000000923 951 $cNAVA1$a382-D/1$b32181$d20000309 996 $aDistribuzione commerciale in Europa$9432727 997 $aUNIPARTHENOPE LEADER 01437nam 2200409 450 001 000006227 005 20070503173100.0 010 $a88-420-5667-7 100 $a20001130d1999----km-y0itay0103----ba 101 0 $aita 102 $aIT 200 1 $a<> secolarizzazione$ereligione e società nell'Europa contemporanea$fRené Rémond 200 1 $a1 $n0001696 210 $aRoma ; Bari$cLaterza$d1999 215 $aVIII, 323 p.$d21 cm. 225 1 $aFare l'Europa$fcollana diretta da Jaques Le Goff 606 $aChiesa e Stato$yEuropa$zSec. 19.-20. 606 $aReligione e società$yEuropa$zSec. 19.-20. 676 $a306.6094$v(20. ed.)$9Istituzioni religiose. Europa 700 1$aRémond,$bRené$0756780 801 0$aIT$bUniversità della Basilicata - B.I.A.$gRICA$2unimarc 912 $a000006227 996 $aSecolarizzazione$91526188 997 $aUNIBAS BAS $aMONLET BAS $aMONOGR BAS $aLETTERE CAT $aLOTITO$b01$c20001130$lBAS01$h0917 CAT $aLOTITO$b01$c20001130$lBAS01$h0931 CAT $c20050601$lBAS01$h1753 CAT $abatch$b01$c20050718$lBAS01$h1049 CAT $c20050718$lBAS01$h1108 CAT $c20050718$lBAS01$h1138 CAT $c20050718$lBAS01$h1152 CAT $aBATCH$b00$c20070503$lBAS01$h1731 FMT Z30 -1$lBAS01$LBAS01$mBOOK$1BASA1$APolo Storico-Umanistico$2DID$BDidattica$3FP/96996$696996$5L96996$820001130$f04$FPrestabile Didattica